000 00532nam a22001457a 4500
020 _a81-713-0071-5
082 _a894.812.3
100 _aTHAKAZHI
245 _aKAYAR
260 _aKOTTAYAM
_bDC BOOKS
_c2017
300 _a987
520 _aIt covers more than two centuries of Kerala life, encompassing six generations of characters. The historic transformation of man's relationship with land, as also between man and man, men and women and even man and God, forms the staple theme of Kayar.
650 _aLITERATURE
942 _cBK
999 _c4089
_d4089